[Event "Najdorf Mem Open A"]
[Site "Warsaw POL"]
[Date "2010.07.23"]
[Round "7"]
[White "Przybylski,W"]
[Black "Erzhanov,A"]
[Result "1-0"]
[WhiteElo "2322"]
[BlackElo "2363"]
[EventDate "2010.07.17"]

1. e4 c5 2. Nf3 Nc6 3. d4 cxd4 4. Nxd4 Nf6 5. Nc3 e5 6. Ndb5 d6 7. Bg5 a6
8. Na3 b5 9. Nd5 Be7 10. Bxf6 Bxf6 11. c3 Bg5 12. Nc2 O-O 13. a4 bxa4 14.
Rxa4 Bb7 15. Bc4 Na5 16. Ba2 Bc6 17. Ra3 Bb5 18. h4 Bh6 19. Nce3 Bxe3 20.
Nxe3 Nb7 21. Bd5 Qc7 22. h5 Nc5 23. c4 Bc6 24. h6 g6 25. Qf3 Nd7 26. Ng4
Bxd5 27. Nf6+ Kh8 28. Nxd7 f5 29. Nxf8 Bxe4 30. Nxg6+ hxg6 31. Qe2 Kh7 32.
O-O Bb7 33. Qd2 Qc6 34. Qg5 Re8 35. Rd1 Re6 36. Rb3 f4 37. f3 a5 38. Kh2
Qc7 39. Rc3 Bc6 40. b3 Qb8 41. Ra1 Qb6 42. Rd3 a4 43. bxa4 Qf2 44. Rad1 e4
45. Rxd6 1-0

[Event "Najdorf Mem Open A"]
[Site "Warsaw POL"]
[Date "2010.07.23"]
[Round "7"]
[White "Bugajski,R"]
[Black "Nowicki,B"]
[Result "1/2-1/2"]
[WhiteElo "2222"]
[BlackElo "2067"]
[EventDate "2010.07.17"]

1. c4 c5 2. g3 Nc6 3. Bg2 g6 4. e3 Bg7 5. Ne2 e5 6. Nbc3 Nge7 7. d3 O-O 8.
O-O d6 9. b3 Be6 10. Bb2 d5 11. Rc1 b6 12. a3 Qd7 13. Qc2 Rad8 14. Rfd1 h6
15. cxd5 Nxd5 16. Nxd5 Bxd5 17. Bxd5 Qxd5 18. b4 Qf3 19. bxc5 bxc5 20. Nc3
f5 21. Qe2 Qxe2 22. Nxe2 Rb8 23. Ba1 Rb5 24. Rc4 Rfb8 25. Nc3 Ra5 26. Na4
Bf8 27. f4 exf4 28. gxf4 Nb4 29. Be5 Rc8 30. Nxc5 Rxa3 31. Ne6 Rxc4 32.
dxc4 Be7 33. Rd7 Kf7 34. Nc7 Rxe3 35. Bd6 Nc6 36. Nd5 Ke6 37. Rb7 Bxd6 38.
Nxe3 Bxf4 39. Nd5 Be5 40. Nb4 Na5 41. Rb5 Nxc4 42. Nc6 Bc7 43. Rc5 Bb6 44.
Nd4+ Kd6 45. Rxc4 Kd5 46. Rc8 Bxd4+ 47. Kg2 Ke6 48. Rc6+ Kf7 49. Kf3 Be5
50. h3 Kg7 51. Re6 Bb2 52. Re7+ Kf6 53. Rxa7 g5 54. Ra6+ Kg7 55. Rc6 Bf6
56. h4 gxh4 57. Kf4 Kg6 58. Ra6 h5 59. Rc6 h3 60. Kg3 Kg5 61. Kxh3 Be5 62.
Re6 Bd4 63. Rd6 Be5 64. Re6 Bd4 65. Rd6 Be5 1/2-1/2

[Event "Najdorf Mem Open A"]
[Site "Warsaw POL"]
[Date "2010.07.23"]
[Round "7"]
[White "Gamback,B"]
[Black "Jacek,K"]
[Result "1/2-1/2"]
[WhiteElo "2192"]
[BlackElo "2055"]
[EventDate "2010.07.17"]

1. Nf3 Nf6 2. c4 g6 3. d4 Bg7 4. Nc3 O-O 5. e4 d6 6. Be2 e5 7. dxe5 dxe5 8.
O-O Qxd1 9. Rxd1 Re8 10. h3 c6 11. Be3 Nbd7 12. b4 Nf8 13. Rd2 Ne6 14. Rad1
Nh5 15. g3 Bf8 16. c5 a5 17. a3 axb4 18. axb4 Ra3 19. Rc2 Nc7 20. Bc1 Rb3
21. Na2 Rb1 22. Nd2 Ra1 23. Nb3 Rb1 24. Nd2 Ra1 25. Nb3 Rb1 26. Nd2 1/2-1/2

[Event "Najdorf Mem Open A"]
[Site "Warsaw POL"]
[Date "2010.07.23"]
[Round "7"]
[White "Bursa,R"]
[Black "Rademakers,E"]
[Result "0-1"]
[WhiteElo "2014"]
[BlackElo "2171"]
[EventDate "2010.07.17"]

1. e4 c5 2. a3 e6 3. b4 cxb4 4. axb4 Bxb4 5. c3 Be7 6. d4 d6 7. Nf3 Nd7 8.
Bd3 e5 9. O-O Ngf6 10. Re1 O-O 11. Nbd2 b6 12. Qb3 Bb7 13. Ba3 Qc7 14. Bc4
Nh5 15. g3 g6 16. Bb5 Nhf6 17. Bc4 h6 18. Nh4 Kg7 19. f3 a6 20. Bf1 Rfe8
21. d5 Nc5 22. Qc2 Rf8 23. Nc4 Nh7 24. Ng2 f5 25. Nge3 fxe4 26. fxe4 b5 27.
Nd2 Ng5 28. Bg2 Bc8 29. Rf1 Nh3+ 30. Bxh3 Bxh3 31. Rxf8 Rxf8 32. Ng2 Qa7
33. Kh1 Rf2 34. Ne3 Nb3 35. Nxb3 Qxe3 36. Qd1 Bg2+ 37. Kg1 Ra2+ 0-1

[Event "Najdorf Mem Open A"]
[Site "Warsaw POL"]
[Date "2010.07.23"]
[Round "7"]
[White "Choroszej,A"]
[Black "Tscharotschkin,M"]
[Result "0-1"]
[WhiteElo "2095"]
[BlackElo "2201"]
[EventDate "2010.07.17"]

1. d4 f5 2. g4 fxg4 3. h3 d5 4. hxg4 Bxg4 5. Qd3 Nf6 6. f3 Bh5 7. e4 Nc6 8.
e5 Bg6 9. Qb3 Nh5 10. Ne2 e6 11. Bh3 Qh4+ 12. Kf1 Ng3+ 13. Nxg3 Qxg3 14.
Bg2 Bb4 15. Bd2 Bxd2 16. Nxd2 Nxd4 0-1

[Event "Najdorf Mem Open A"]
[Site "Warsaw POL"]
[Date "2010.07.24"]
[Round "8"]
[White "Radulski,J"]
[Black "Malakhatko,V"]
[Result "1/2-1/2"]
[WhiteElo "2574"]
[BlackElo "2576"]
[EventDate "2010.07.17"]

1. e4 c6 2. d4 d5 3. Nc3 dxe4 4. Nxe4 Bf5 5. Ng3 Bg6 6. Nf3 Nd7 7. Bd3 e6
8. O-O Ngf6 9. Bf4 Be7 10. c4 Bf8 1/2-1/2

[Event "Najdorf Mem Open A"]
[Site "Warsaw POL"]
[Date "2010.07.24"]
[Round "8"]
[White "Dziuba,M"]
[Black "Brodsky,M"]
[Result "1/2-1/2"]
[WhiteElo "2582"]
[BlackElo "2540"]
[EventDate "2010.07.17"]

1. d4 Nf6 2. c4 e6 3. g3 c5 4. d5 exd5 5. cxd5 d6 6. Nf3 g6 7. Nc3 Bg7 8.
Bg2 O-O 9. O-O Re8 10. Nd2 Nbd7 11. a4 a6 12. h3 Nh5 13. Nc4 Ne5 14. Na3 f5
1/2-1/2

[Event "Najdorf Mem Open A"]
[Site "Warsaw POL"]
[Date "2010.07.24"]
[Round "8"]
[White "Olszewski,Mi"]
[Black "Mista,A"]
[Result "1/2-1/2"]
[WhiteElo "2543"]
[BlackElo "2562"]
[EventDate "2010.07.17"]

1. e4 c5 2. Nf3 d6 3. d4 cxd4 4. Nxd4 Nf6 5. Nc3 g6 6. Be2 Bg7 7. O-O O-O
8. Re1 Nc6 9. Nb3 Be6 10. Bg5 h6 11. Bh4 g5 12. Bg3 d5 13. Nc5 d4 14. Nb5
Bc8 15. e5 Nd7 16. Nxd7 Bxd7 17. Bd3 Qb6 18. e6 Bxe6 19. Nc7 Qxb2 20. Qe2
Bxa2 21. Nxa8 Rxa8 22. c4 Qxe2 23. Rxe2 Bxc4 24. Bxc4 d3 25. Rea2 Bxa1 26.
Rxa1 Nb4 27. Be5 Rc8 28. Bb3 d2 29. Rd1 Rc1 30. Kf1 Nd3 31. Bd4 a5 32. Ke2
Nc5 33. Bd5 e6 34. Kxd2 Rxd1+ 35. Kxd1 b6 36. Bxc5 bxc5 37. Bb3 Kg7 38. Kd2
Kf6 39. Kd3 Ke5 40. Kc4 Kd6 41. Kb5 h5 42. Kxa5 Ke5 43. Kb5 Kd4 44. Bc4 g4
45. g3 Ke4 46. Be2 Kd4 47. Bc4 1/2-1/2

[Event "Najdorf Mem Open A"]
[Site "Warsaw POL"]
[Date "2010.07.24"]
[Round "8"]
[White "Sveshnikov,E"]
[Black "Macieja,B"]
[Result "1/2-1/2"]
[WhiteElo "2487"]
[BlackElo "2639"]
[EventDate "2010.07.17"]

1. e4 c6 2. d4 d5 3. exd5 cxd5 4. Nf3 Nc6 5. Bf4 Bf5 6. c3 e6 7. Qb3 Qd7 8.
Ne5 Nxe5 9. Bxe5 Ne7 10. Nd2 Nc6 11. Bg3 Bd6 12. Bxd6 Qxd6 13. Be2 O-O 14.
O-O Qc7 15. Rfe1 Na5 16. Qd1 b5 17. Nb3 Nc4 18. Bxc4 Qxc4 19. Nc5 b4 20. b3
Qb5 21. Qd2 bxc3 22. Qxc3 Rab8 23. a3 a5 24. Rac1 h6 25. f3 Rfe8 26. Re3
Bg6 27. Qe1 Re7 28. Qg3 Qb6 29. Rce1 Rbe8 30. R1e2 Kh7 31. Qe1 Rc8 32. g4
Rec7 33. Kg2 Rxc5 34. dxc5 Rxc5 35. Rc3 Rb5 36. Rb2 d4 37. Rc8 e5 38. Re2
Qb7 39. Rd8 Rxb3 40. Rf2 e4 41. Rxd4 exf3+ 42. Kg3 Qc7+ 43. Kh3 f5 44. Qe6
Qc5 45. Qd5 fxg4+ 46. Kxg4 Qxa3 47. Kg3 a4 48. Rf4 Qa1 49. Kh3 Qg1 50. Rf8
h5 51. Qg8+ Kh6 52. Qe6 Kh7 53. Qg8+ Kh6 54. Qe6 Qg4+ 55. Qxg4 hxg4+ 56.
Kxg4 Be4 57. Rf4 Bc6 58. Rd4 g6 59. Rc4 Bd7+ 60. Kg3 a3 61. Rc7 Bb5 62.
Rxf3 a2 63. Ra7 Rb2 64. Rf2 Rb3+ 65. Kf4 Rb4+ 66. Kg3 Bc4 67. Rfxa2 1/2-1/2

[Event "Najdorf Mem Open A"]
[Site "Warsaw POL"]
[Date "2010.07.24"]
[Round "8"]
[White "Vysochin,S"]
[Black "Erdos,V"]
[Result "1/2-1/2"]
[WhiteElo "2562"]
[BlackElo "2592"]
[EventDate "2010.07.17"]

1. e4 e5 2. Nf3 Nc6 3. d4 exd4 4. Nxd4 Bc5 5. Nxc6 Qf6 6. Qf3 bxc6 7. Be2
d6 8. O-O Qxf3 9. Bxf3 Ne7 10. Rd1 O-O 11. Nc3 f5 12. exf5 Bxf5 13. Bg5 Ng6
14. Na4 Ne5 15. Nxc5 Nxf3+ 16. gxf3 dxc5 17. Kg2 c4 18. Rd4 Be6 19. b3 c5
20. Rf4 cxb3 21. cxb3 c4 22. bxc4 Rxf4 23. Bxf4 Bxc4 24. Bxc7 Bd5 25. Kg3
Re8 26. a3 Re6 27. Bd8 Rd6 28. Be7 Rg6+ 29. Kf4 Kf7 30. Bc5 a6 31. Bd4 Rh6
32. Rc1 Rxh2 33. Rc7+ Ke6 34. Ra7 Rh4+ 35. Ke3 Rh3 36. Rxa6+ Kf5 37. Ra5
Ke6 38. Bxg7 Rxf3+ 39. Ke2 Rb3 40. f4 Rb5 41. f5+ Kf7 42. Rxb5 Bc4+ 43. Ke3
Bxb5 44. Bh6 Kf6 45. Kf4 Ke7 46. Ke5 Kd7 47. Kd5 Kc7 48. f6 Be8 49. Ke4
1/2-1/2

[Event "Najdorf Mem Open A"]
[Site "Warsaw POL"]
[Date "2010.07.24"]
[Round "8"]
[White "Zhigalko,S"]
[Black "Petrov,Marij"]
[Result "0-1"]
[WhiteElo "2656"]
[BlackElo "2535"]
[EventDate "2010.07.17"]

1. d4 c5 2. d5 g6 3. e4 Bg7 4. Nc3 d6 5. Nf3 Nf6 6. Bb5+ Bd7 7. a4 O-O 8.
O-O Bg4 9. h3 Bxf3 10. Qxf3 Na6 11. Bg5 Nc7 12. Bc4 Re8 13. Rad1 Nd7 14.
Qg3 a6 15. f4 Qb8 16. e5 b5 17. axb5 axb5 18. Be2 b4 19. Ne4 f5 20. Nd2
dxe5 21. Bc4 Nb5 22. Bxb5 Qxb5 23. fxe5 Bxe5 24. Qh4 Bd4+ 25. Kh1 e5 26.
dxe6 Rxe6 27. b3 Nf6 28. Rfe1 Qc6 29. Rxe6 Qxe6 30. Nf3 Ne4 31. Nxd4 cxd4
32. Bf4 Qb6 33. Kh2 Qc5 34. Re1 Re8 35. Ra1 h5 36. Qe1 g5 37. Bxg5 Qe5+ 38.
Kg1 Nxg5 39. Qxb4 Qe3+ 40. Kh1 Kh8 41. Qd6 Ne6 42. Qd7 Rg8 43. Qf7 Qg5 44.
g3 Qg6 45. Ra7 Qxf7 46. Rxf7 Rxg3 47. Rxf5 Rxh3+ 48. Kg2 Rc3 49. Rf6 Rxc2+
50. Kg3 Rc3+ 51. Kh4 Ng7 0-1

[Event "Najdorf Mem Open A"]
[Site "Warsaw POL"]
[Date "2010.07.24"]
[Round "8"]
[White "Van Assendelft,F"]
[Black "Jakubowski,K"]
[Result "1-0"]
[WhiteElo "2374"]
[BlackElo "2506"]
[EventDate "2010.07.17"]

1. e4 c5 2. Nf3 d6 3. d4 cxd4 4. Nxd4 Nf6 5. Nc3 a6 6. Bg5 e6 7. f4 Be7 8.
Qf3 Qc7 9. O-O-O Nbd7 10. g4 O-O 11. Bg2 Rb8 12. Rhe1 b5 13. e5 Bb7 14. Nc6
Kh8 15. exf6 gxf6 16. Bh6 Rfc8 17. g5 Bxc6 18. Qh5 Bxg2 19. Qxf7 Bf8 20. g6
hxg6 21. Qxg6 Qc5 22. Rxe6 Rc7 23. Re7 1-0

[Event "Najdorf Mem Open A"]
[Site "Warsaw POL"]
[Date "2010.07.24"]
[Round "8"]
[White "Weichhold,P"]
[Black "Boros,De"]
[Result "1/2-1/2"]
[WhiteElo "2190"]
[BlackElo "2499"]
[EventDate "2010.07.17"]

1. e4 c5 2. Nf3 e6 3. d4 cxd4 4. Nxd4 a6 5. Nc3 Qc7 6. Bd3 Nf6 7. O-O Bc5
8. Nb3 Ba7 9. Qe2 Nc6 10. Kh1 h5 11. f4 Ng4 12. e5 d5 13. exd6 Qxd6 14. Ne4
Qe7 15. Ng5 Bd7 16. c4 O-O-O 17. c5 Kb8 18. Be3 Nb4 19. Rfd1 Ba4 20. Bc4
Nd5 21. Bd4 Bxb3 22. Be5+ Nxe5 23. Qxe5+ Nc7 24. axb3 f6 25. Qd6 Rxd6 26.
cxd6 Qd7 27. dxc7+ Qxc7 28. Nxe6 Qe7 29. f5 h4 30. h3 Rc8 31. Rd2 Qb4 32.
Rd7 Bb6 33. Bd5 Rc6 34. Bxc6 bxc6 35. Nxg7 Bd4 36. Ne6 c5 37. Nxd4 cxd4 38.
Rd1 Qxb3 39. Rd2 Qe3 40. R7xd4 1/2-1/2

[Event "Najdorf Mem Open A"]
[Site "Warsaw POL"]
[Date "2010.07.24"]
[Round "8"]
[White "Simonian,H"]
[Black "Bentivegna,F"]
[Result "1/2-1/2"]
[WhiteElo "2494"]
[BlackElo "2340"]
[EventDate "2010.07.17"]

1. e4 e5 2. Nf3 Nc6 3. Bb5 f5 4. d3 fxe4 5. dxe4 Nf6 6. O-O Bc5 7. Qe2 Qe7
8. Bg5 Nd4 9. Nxd4 Bxd4 10. c3 Bb6 11. a4 a6 12. Bc4 d6 13. Nd2 Be6 14. Bd5
Bxd5 15. exd5 O-O 16. a5 Ba7 17. Kh1 Qf7 18. c4 Qg6 19. Bxf6 Rxf6 20. Ne4
Rf4 21. f3 Raf8 22. b4 Bd4 23. Rac1 c6 24. Rcd1 Rd8 25. b5 axb5 26. cxb5
cxd5 27. Qa2 Rff8 28. Rc1 Be3 29. Rcd1 Bd4 30. a6 bxa6 31. bxa6 h6 32.
Qxd5+ Qf7 33. Qa5 d5 34. Nc5 Bxc5 35. Qxc5 Kh8 36. Kg1 Rfe8 37. Rfe1 e4 38.
fxe4 dxe4 39. Rxd8 Rxd8 40. a7 Qb7 41. Ra1 Re8 42. Qe3 Kh7 43. h3 Qa8 44.
Kh1 Rd8 45. Qb6 Re8 46. Ra3 Rf8 47. Rg3 Rf7 48. Ra3 Rf8 49. Qc7 Qd5 50. Kh2
Ra8 51. Rg3 Qd4 52. Ra3 e3 53. Qc2+ Kh8 54. Qa2 Qd6+ 55. g3 Qd2+ 56. Qxd2
exd2 57. Rd3 1/2-1/2

[Event "Najdorf Mem Open A"]
[Site "Warsaw POL"]
[Date "2010.07.24"]
[Round "8"]
[White "Socko,M"]
[Black "Drozdowski,K"]
[Result "1/2-1/2"]
[WhiteElo "2477"]
[BlackElo "2223"]
[EventDate "2010.07.17"]

1. d4 d5 2. c4 c6 3. e3 Nf6 4. Nf3 Bg4 5. h3 Bxf3 6. Qxf3 e6 7. Nc3 Nbd7 8.
cxd5 cxd5 9. Bd2 a6 10. Bd3 Bd6 11. O-O Qe7 12. e4 dxe4 13. Nxe4 O-O 14.
Bg5 h6 15. Bh4 Rad8 16. Rad1 Bb8 17. Rfe1 g5 18. Bg3 Nxe4 19. Bxe4 Bxg3 20.
Qxg3 Nf6 21. h4 Nxe4 22. Rxe4 Rd5 23. Rde1 Rfd8 24. hxg5 hxg5 25. Rg4 Qf6
26. Rc1 Kg7 27. Qe3 Rf5 28. g3 Rh8 29. Rc5 Rh5 30. Re5 Qh6 31. Kf1 Rh1+ 32.
Ke2 Rxf2+ 33. Qxf2 Rh2 34. Rexg5+ Kf8 35. Rg8+ Ke7 36. Rf4 Rxf2+ 37. Rxf2
Qh5+ 38. Ke3 Qh6+ 39. Ke2 Qh7 40. Rc8 Qe4+ 41. Kf1 f5 42. Rc7+ Kf6 43. Kg1
Qe3 44. Rc3 Qxd4 45. Rcf3 Kg5 46. a3 Kg6 47. Rf4 Qd1+ 48. Kh2 Kg5 49. Kg2
Qd3 50. R2f3 Qd5 51. Kh2 Kf6 52. Rf2 Ke7 53. Rc2 b6 54. Rcf2 Qd1 55. Kg2 a5
56. Kh2 Kd6 57. Rf1 Qh5+ 58. Kg2 Qe2+ 59. R1f2 Qd3 60. Kh2 Kc6 61. R4f3 Qe4
62. Rf4 Qe5 63. Kg2 Kb7 64. Kh2 Ka6 65. Kg2 Qd5+ 66. Kh2 Qd6 67. Re2 Qd7
68. Rff2 Qd4 69. Rf3 Qh8+ 70. Kg2 Qg8 71. Kf2 Qh7 72. Rfe3 Qh2+ 73. Kf3
Qh1+ 74. Kf4 Qh5 75. Re1 Kb7 76. b4 axb4 77. axb4 Qg4+ 78. Ke5 Qxb4 79.
Kxe6 f4 80. gxf4 Qxf4 81. Kd5 Qf5+ 1/2-1/2

[Event "Najdorf Mem Open A"]
[Site "Warsaw POL"]
[Date "2010.07.24"]
[Round "8"]
[White "Hammer,J"]
[Black "Deszczynski,A"]
[Result "*"]
[WhiteElo "2636"]
[BlackElo "2352"]
[EventDate "2010.07.17"]

1. d4 g6 2. c4 Bg7 3. Nc3 d6 4. e4 e5 5. Be3 exd4 6. Bxd4 Nf6 7. f3 Nc6 8.
Be3 a6 9. Qd2 O-O 10. Nge2 Ne5 11. Ng3 c6 12. f4 Neg4 13. Bg1 h5 14. h3 Nh6
15. O-O-O h4 16. Nge2 Qe8 17. Qc2 b5 18. g4 hxg3 19. Nxg3 Qe7 20. Rh2 Be6
21. Rhd2 Rfd8 22. c5 dxc5 23. Bxc5 Qc7 24. Rd6 Rxd6 25. Bxd6 Qb6 26. f5
gxf5 27. exf5 Qe3+ 28. Kb1 Bd7 29. Nce2 Re8 30. Bf4 Qf3 31. Rd3 Qf2 32.
Rxd7 Nxd7 33. Qd2 Nf6 34. Bxh6 Rxe2 35. Qxe2 Qxg3 36. Bc1 Qd6 37. Bg2 c5
38. a3 c4 39. Bd2 Kh7 40. Bc3 Qd7 41. Qf3 Qd6 42. Ka2 Kg8 43. Qa8+ Kh7 44.
Qc6 Ne8 45. f6 Qxc6 46. Bxc6 Nxf6 47. Bb7 Ne8 48. Bb4 Be5 49. Bxa6 Nc7 50.
Bb7 Kg6 51. Ba5 Kh5 52. Bc6 Kh4 53. Bd7 f6 54. Kb1 Kg5 55. Bd2+ Kg6 56. Kc2
f5 57. Ba5 Kg5 58. Bxc7 Bxc7 59. Bxb5 Kh4 60. Bxc4 Kxh3 61. Kd3 Kg4 62. b4
Bb6 63. Bg8 Kf4 64. Kc4 Ke5 65. Kb5 Be3 66. Kc6 Kd4 67. b5 Kc3 68. b6 f4
69. b7 Ba7 70. Kb5 f3 71. a4 f2 72. Bc4 Kd4 73. a5 Ke5 74. Kc6 Bb8 75. a6 *

[Event "Najdorf Mem Open A"]
[Site "Warsaw POL"]
[Date "2010.07.24"]
[Round "8"]
[White "Kadziolka,B"]
[Black "Cernousek,L"]
[Result "1/2-1/2"]
[WhiteElo "2305"]
[BlackElo "2412"]
[EventDate "2010.07.17"]

1. e4 c5 2. Nf3 d6 3. d4 Nf6 4. Nc3 cxd4 5. Nxd4 a6 6. Be2 e5 7. Nb3 Be7 8.
Be3 Be6 9. Nd5 Nbd7 10. Qd3 Rc8 11. c4 Bxd5 12. cxd5 O-O 13. O-O Qc7 14.
Rfc1 Qb8 15. a4 Rxc1+ 16. Rxc1 Rc8 17. Rc4 Bd8 18. a5 Rxc4 19. Qxc4 Qc7 20.
Qxc7 Bxc7 21. f3 Kf8 22. Kf2 Ng8 23. Bd3 Ne7 24. Bd2 Nc8 25. Be3 Ke7 26. g3
Bb8 27. Kg2 Ba7 28. Bd2 Kd8 29. f4 Kc7 30. Kf3 Bg1 31. Kg2 Bc5 32. Nc1 Na7
33. b4 Bd4 34. Ne2 Bb2 35. Nc3 Ba3 36. Nb1 Bb2 37. Nc3 Ba3 1/2-1/2

[Event "Najdorf Mem Open A"]
[Site "Warsaw POL"]
[Date "2010.07.24"]
[Round "8"]
[White "Staniszewski,Pi"]
[Black "Zozulia,A"]
[Result "1-0"]
[WhiteElo "2389"]
[BlackElo "2340"]
[EventDate "2010.07.17"]

1. d4 Nf6 2. c4 g6 3. Nc3 Bg7 4. e4 d6 5. Be2 O-O 6. Nf3 e5 7. Be3 Nbd7 8.
O-O c6 9. Qc2 Ng4 10. Bg5 Bf6 11. Bxf6 Ngxf6 12. Rad1 Qe7 13. Rfe1 a5 14.
Bf1 Re8 15. Qd2 Kg7 16. h3 h6 17. Na4 Nh7 18. dxe5 dxe5 19. Qd6 Qxd6 20.
Rxd6 Ng5 21. Nxg5 hxg5 22. c5 Nf8 23. Nb6 Rb8 24. Nxc8 Rbxc8 25. Bc4 Rcd8
26. Red1 Rxd6 27. Rxd6 Re7 28. Rd2 Nd7 29. Rc2 Nxc5 30. Bxf7 Nxe4 31. Bb3
Kf6 32. f3 Ng3 33. Rc5 Rd7 34. Rxa5 Rd2 35. Ra7 Kf5 36. Rxb7 Kf4 37. Rb4+
Ke3 38. Rg4 Ne2+ 39. Kh1 Kf2 40. Kh2 Rxb2 41. Rxg5 Nf4 42. h4 Rd2 43. a4
Rd4 44. a5 Rb4 45. Bc2 Rc4 46. Be4 Ra4 47. g3 Ne2 48. Rxg6 Nd4 49. h5 Rxa5
50. Rf6 Ne2 51. Rxc6 Ra7 52. h6 1-0

[Event "Najdorf Mem Open A"]
[Site "Warsaw POL"]
[Date "2010.07.24"]
[Round "8"]
[White "Beinoras,M"]
[Black "Wieczorek,O"]
[Result "0-1"]
[WhiteElo "2386"]
[BlackElo "2316"]
[EventDate "2010.07.17"]

1. d4 Nf6 2. c4 g6 3. Nc3 d5 4. Nf3 Bg7 5. e3 O-O 6. b4 b6 7. Qb3 c5 8.
bxc5 bxc5 9. cxd5 Na6 10. Bb5 Rb8 11. Qa4 Nc7 12. Bc6 Ncxd5 13. Nxd5 Nxd5
14. O-O Bb7 15. Bxb7 Rxb7 16. Ba3 cxd4 17. Nxd4 Nc3 18. Qa6 Qb6 19. Qxb6
axb6 20. Bb2 Bxd4 21. exd4 Nd5 22. Rfc1 Ra8 23. Kf1 Kf8 24. a3 Ke8 25. g3
Kd7 26. Ke2 h5 27. h4 Ra5 28. Bc3 Ra4 29. Kd3 Rba7 30. Bb2 R4a5 31. Rc4 Rb5
32. Kc2 Nf6 33. Rf1 Rf5 34. Kd3 Raa5 35. Rc2 Rab5 36. Re2 Rb3+ 37. Kc2 Rbf3
38. Kd2 Rb3 39. Bc1 Rd5 40. Kc2 Rf3 41. Re3 Rff5 42. Rd3 Rd6 43. Kd2 Rfd5
44. Bb2 Ne4+ 45. Ke2 Rb5 46. Bc1 Rc6 47. Kf3 Nf6 48. Rfd1 Nd5 49. Bg5 Ra5
50. Bd2 Ra4 51. Rb1 Rcc4 52. Ke4 e6 53. Rc1 b5 54. Be3 Nxe3 0-1

[Event "Najdorf Mem Open A"]
[Site "Warsaw POL"]
[Date "2010.07.24"]
[Round "8"]
[White "Adamski,J"]
[Black "Czerwonski,A"]
[Result "1/2-1/2"]
[WhiteElo "2287"]
[BlackElo "2379"]
[EventDate "2010.07.17"]

1. Nf3 g6 2. c4 Bg7 3. Nc3 e5 4. d4 exd4 5. Nxd4 d6 6. g3 Nc6 7. Nxc6 bxc6
8. Bg2 Ne7 9. O-O O-O 10. Bg5 Be6 11. Qd3 f6 12. Be3 Qd7 13. Rad1 Bh3 14.
b3 Bxg2 15. Kxg2 c5 16. f3 Qc6 17. Bc1 f5 18. Bd2 Rae8 19. Rde1 Be5 20. e3
Rf7 21. e4 f4 22. Nd5 g5 23. gxf4 gxf4 24. Nxe7+ Rexe7 25. Kh1 Qd7 26. Rg1+
Rg7 27. Bc3 Qh3 28. Bxe5 Rxe5 29. Rxg7+ Kxg7 30. Rg1+ 1/2-1/2

[Event "Najdorf Mem Open A"]
[Site "Warsaw POL"]
[Date "2010.07.24"]
[Round "8"]
[White "Klim,K"]
[Black "Krzyzanowski,M"]
[Result "1-0"]
[WhiteElo "2245"]
[BlackElo "2377"]
[EventDate "2010.07.17"]

1. d4 Nf6 2. c4 d6 3. Nc3 e5 4. Nf3 e4 5. Nd2 Bf5 6. e3 g6 7. Be2 h5 8. b3
Bg7 9. Bb2 O-O 10. h3 h4 11. Qc2 c5 12. d5 Re8 13. O-O-O Na6 14. g4 hxg3
15. fxg3 Nb4 16. Qb1 g5 17. g4 Bg6 18. Rde1 Nd7 19. a3 Nd3+ 20. Bxd3 exd3
21. e4 Ne5 22. Nd1 a6 23. Ne3 b5 24. Bxe5 Bxe5 25. Qxd3 Qa5 26. Kd1 Qxa3
27. Ke2 Rab8 28. Rhf1 Qa2 29. Kf3 Bd4 30. Re2 Rb7 31. Nf5 Be5 32. Kg2 Qa3
33. Rf3 Bxf5 34. exf5 f6 35. cxb5 axb5 36. Ne4 Rc8 37. h4 Rh7 38. Rh3 c4
39. Qe3 Rxh4 40. Nxf6+ Bxf6 41. Qe6+ Kg7 42. Qd7+ Kh6 43. Qf7 1-0

[Event "Najdorf Mem Open A"]
[Site "Warsaw POL"]
[Date "2010.07.24"]
[Round "8"]
[White "Nguyen,P"]
[Black "Przybylski,W"]
[Result "0-1"]
[WhiteElo "2372"]
[BlackElo "2322"]
[EventDate "2010.07.17"]

1. Nf3 d5 2. c4 c6 3. d4 Nf6 4. Nc3 e6 5. Bg5 h6 6. Bh4 dxc4 7. e4 g5 8.
Bg3 b5 9. Be2 Bb7 10. h4 g4 11. Ne5 Nbd7 12. O-O Rg8 13. Nxg4 Qb6 14. a4 a6
15. Ne3 Bb4 16. e5 Bxc3 17. bxc3 Ne4 18. Qc1 c5 19. Rb1 cxd4 20. cxd4 Qxd4
21. Kh2 Nc3 22. Rb2 Nxe5 23. Rd2 Nxe2 24. Rxe2 Nd3 25. Qb1 Qc5 26. Rd1 Rd8
27. axb5 axb5 28. f3 Rxg3 29. Nxc4 bxc4 30. Kxg3 Qc7+ 31. Kg4 h5+ 32. Kxh5
Nf4+ 33. Kg4 f5+ 34. Kg5 Nxe2 0-1

[Event "Najdorf Mem Open A"]
[Site "Warsaw POL"]
[Date "2010.07.24"]
[Round "8"]
[White "Laurusas,T"]
[Black "Valsecchi,A"]
[Result "0-1"]
[WhiteElo "2233"]
[BlackElo "2360"]
[EventDate "2010.07.17"]

1. d4 e6 2. c4 d5 3. Nc3 c6 4. e4 Bb4 5. cxd5 exd5 6. e5 Bf5 7. a3 Ba5 8.
b4 Bc7 9. Nge2 f6 10. Ng3 Bg6 11. f4 Nh6 12. Be2 fxe5 13. dxe5 Bb6 14. Na4
O-O 15. Nxb6 Qxb6 16. Qb3 Kh8 17. Qc3 d4 18. Qd2 a5 19. bxa5 Rxa5 20. Bd3
Bxd3 21. Qxd3 Na6 22. O-O Nc5 23. Qxd4 Rd8 24. Rb1 Rb5 25. Rxb5 cxb5 26.
Be3 Rxd4 27. Bxd4 Qc6 28. Rc1 b6 29. f5 Qd5 0-1

[Event "Najdorf Mem Open A"]
[Site "Warsaw POL"]
[Date "2010.07.24"]
[Round "8"]
[White "Burg,T"]
[Black "Janczarski,M"]
[Result "1-0"]
[WhiteElo "2449"]
[BlackElo "2285"]
[EventDate "2010.07.17"]

1. e4 c5 2. Nf3 d6 3. d4 cxd4 4. Nxd4 Nf6 5. Nc3 Nc6 6. Bg5 e6 7. Qd2 a6 8.
O-O-O h6 9. Be3 Be7 10. f3 Bd7 11. Kb1 b5 12. Nxc6 Bxc6 13. g4 Nd7 14. a3
Ne5 15. Be2 O-O 16. f4 Nc4 17. Bxc4 bxc4 18. g5 hxg5 19. fxg5 Rb8 20. Ka1
Qc7 21. Rb1 Qb7 22. Qd4 Rfc8 23. Qxc4 d5 24. Qe2 dxe4 25. Bf4 Ra8 26. h4
Bb5 27. Qe1 Rc4 28. h5 e3 29. Bxe3 Qc7 30. Bd2 Rd8 31. h6 Bc6 32. hxg7 Kxg7
33. Rh6 Qa5 34. Qf1 Rxd2 35. Rh7+ 1-0

[Event "Najdorf Mem Open A"]
[Site "Warsaw POL"]
[Date "2010.07.24"]
[Round "8"]
[White "Banasik,K"]
[Black "Berczes,D"]
[Result "0-1"]
[WhiteElo "2250"]
[BlackElo "2551"]
[EventDate "2010.07.17"]

1. e4 c5 2. Nf3 d6 3. Bc4 Nc6 4. O-O Nf6 5. Re1 Bg4 6. c3 e6 7. d3 Be7 8.
h3 Bh5 9. Bf4 O-O 10. Bb3 d5 11. Nbd2 h6 12. Qe2 b5 13. e5 Nd7 14. Nf1 Bg6
15. N1h2 c4 16. dxc4 bxc4 17. Ba4 Qb6 18. Qd2 Nc5 19. Bxc6 Qxc6 20. Bxh6
Ne4 21. Qf4 Rfb8 22. Ng4 Bf8 23. Nh4 gxh6 24. Rxe4 dxe4 25. Nf6+ Kg7 26.
Re1 Be7 27. Re3 Rh8 28. Rg3 h5 29. Qg5 Rh6 30. Nxh5+ Kh7 31. Nf6+ Bxf6 32.
Qxf6 Qe8 0-1

[Event "Najdorf Mem Open A"]
[Site "Warsaw POL"]
[Date "2010.07.24"]
[Round "8"]
[White "Bove,A"]
[Black "Lammens,Tim"]
[Result "1-0"]
[WhiteElo "2377"]
[BlackElo "2268"]
[EventDate "2010.07.17"]

1. e4 e5 2. Bc4 Nc6 3. Nc3 Bc5 4. Qg4 Nd4 5. Qxg7 Qf6 6. Qxf6 Nxf6 7. Bd3
Rg8 8. Kf1 c6 9. Nge2 d5 10. exd5 cxd5 11. Nxd4 Bxd4 12. Bb5+ Ke7 13. Ne2
Bb6 14. d4 Bf5 15. Be3 Ng4 16. c3 a6 17. Ba4 Bd3 18. Rd1 Nxe3+ 19. fxe3
Bxe2+ 20. Kxe2 Rxg2+ 21. Kf3 Rxb2 22. dxe5 Rxa2 23. Bb3 Ra3 24. Rb1 Rd8 25.
Rhd1 Bc5 26. Bxd5 b5 27. Rbc1 Bb6 28. Rd3 Ba5 29. Ke4 Bb6 30. Rf1 Ra4+ 31.
c4 Rf8 32. Rf6 bxc4 33. Rc3 Bc7 34. Rxc4 Rxc4+ 35. Bxc4 a5 36. h4 a4 37.
Ra6 Rg8 38. Ra7 Rg4+ 39. Kd5 Kd7 40. Rxa4 Rg2 1-0

[Event "Najdorf Mem Open A"]
[Site "Warsaw POL"]
[Date "2010.07.24"]
[Round "8"]
[White "Matuszewski,M"]
[Black "Malec,S"]
[Result "1/2-1/2"]
[WhiteElo "2317"]
[BlackElo "2108"]
[EventDate "2010.07.17"]

1. d4 Nf6 2. Nf3 c5 3. d5 b5 4. a4 b4 5. Bg5 d6 6. Bxf6 exf6 7. e4 Be7 8.
Bb5+ Nd7 9. Nbd2 O-O 10. O-O Ne5 11. Nh4 g6 12. f4 Ng4 13. Qe2 f5 14. Nhf3
Bd7 15. exf5 Bxb5 16. axb5 gxf5 17. b6 Bf6 18. h3 Re8 19. Qb5 axb6 20. Rxa8
Qxa8 21. hxg4 fxg4 22. Ng5 Bd4+ 23. Kh2 Re3 24. Qd7 g3+ 25. Kh1 Qxd5 26. c4
bxc3 27. bxc3 Bxc3 28. Qg4 f5 29. Qh5 Bxd2 30. Qxh7+ Kf8 31. Ra1 Ba5 32.
Qh8+ Ke7 33. Qg7+ Ke8 34. Qc7 Re2 35. Qc8+ Ke7 36. Qc7+ Ke8 37. Qc8+ Ke7
38. Qc7+ 1/2-1/2

[Event "Najdorf Mem Open A"]
[Site "Warsaw POL"]
[Date "2010.07.24"]
[Round "8"]
[White "Tscharotschkin,M"]
[Black "Bobula,M"]
[Result "0-1"]
[WhiteElo "2201"]
[BlackElo "2387"]
[EventDate "2010.07.17"]

1. e4 e6 2. d4 d5 3. Nc3 Bb4 4. e5 c5 5. Qg4 Ne7 6. dxc5 Nbc6 7. Bd2 Ng6 8.
Nf3 Bxc5 9. Bd3 Bd7 10. h4 Qc7 11. Nb5 Qb6 12. Nd6+ Bxd6 13. exd6 Qxb2 14.
Ke2 Nge5 15. Rab1 Nxg4 16. Rxb2 e5 17. Ng5 e4 18. Bxe4 dxe4 19. Rxb7 Nd4+
0-1